| 000 | 00470nam a2200181Ia 4500 | ||
|---|---|---|---|
| 005 | 20250326142713.0 | ||
| 008 | 250326s9999 xx 000 0 und d | ||
| 037 | _aTextbook | ||
| 040 |
_aFMSL _beng _cFMSL |
||
| 041 |
_aeng _2eng |
||
| 084 |
_aX:97 M0 _qFMSL |
||
| 100 |
_aSahai B _9739378 |
||
| 245 | 0 |
_aPublic relations _cSahai B |
|
| 260 |
_aNew Delhi _bNew Delhi, Scope _c1980 |
||
| 300 | _a348p | ||
| 942 |
_cTB _hX:97 M0 |
||
| 999 |
_c1296269 _d1296269 |
||